000 00578nam a2200229Ia 4500
003 OSt
005 20221005124556.0
006 a|||||r|||| 00| 0
007 ta
008 221004b |||||||| |||| 00| 0 kan d
024 _a61929
037 _cTextual
040 _aCRL
_cCRL
_bkan
041 _2kan
_akan
082 _aY1:351, 33L3
100 _aGowda G.V. Dasw Ed.
_9635455
245 0 _aNamma janapada nambikegalu
260 _c1973
650 _aSOCIOLOGY
942 _hY1:351, 33L3
_cTEXL
_2cc
999 _c1050898
_d1050898